<?xml version="1.0" encoding="UTF-8"?>
<record
    xmlns:xsi="http://www.w3.org/2001/XMLSchema-instance"
    xsi:schemaLocation="http://www.loc.gov/MARC21/slim http://www.loc.gov/standards/marcxml/schema/MARC21slim.xsd"
    xmlns="http://www.loc.gov/MARC21/slim">

  <leader>04748cam a22003495i 4500</leader>
  <controlfield tag="001">15964401</controlfield>
  <controlfield tag="003">EG-ScBUE</controlfield>
  <controlfield tag="005">20230104122158.0</controlfield>
  <controlfield tag="008">091028s2009    sz a   f      000 0 eng d</controlfield>
  <datafield tag="020" ind1=" " ind2=" ">
    <subfield code="a">9783764399559</subfield>
  </datafield>
  <datafield tag="020" ind1=" " ind2=" ">
    <subfield code="a">3764399554</subfield>
  </datafield>
  <datafield tag="035" ind1=" " ind2=" ">
    <subfield code="a">(OCoLC)ocn310156667</subfield>
  </datafield>
  <datafield tag="040" ind1=" " ind2=" ">
    <subfield code="a">ERASA</subfield>
    <subfield code="b">eng</subfield>
    <subfield code="e">rda</subfield>
    <subfield code="c">ERASA</subfield>
    <subfield code="d">BTCTA</subfield>
    <subfield code="d">YDXCP</subfield>
    <subfield code="d">OHX</subfield>
    <subfield code="d">VA@</subfield>
    <subfield code="d">BWX</subfield>
    <subfield code="d">YBM</subfield>
    <subfield code="d">DHT</subfield>
    <subfield code="d">DLC</subfield>
    <subfield code="d">EG-ScBUE</subfield>
  </datafield>
  <datafield tag="082" ind1="0" ind2="4">
    <subfield code="a">740</subfield>
    <subfield code="2">22</subfield>
    <subfield code="b">EXH</subfield>
  </datafield>
  <datafield tag="245" ind1="0" ind2="0">
    <subfield code="a">Exhibitions and Displays :</subfield>
    <subfield code="b">Museum Design Concepts, Brand presentation, Trade show design.</subfield>
  </datafield>
  <datafield tag="246" ind1="3" ind2="0">
    <subfield code="a">Museum design concepts, brand presentation, trade show design</subfield>
  </datafield>
  <datafield tag="264" ind1=" " ind2="1">
    <subfield code="a">Basel :</subfield>
    <subfield code="b">Birkhauser Verlag AG,</subfield>
    <subfield code="c">2009.</subfield>
  </datafield>
  <datafield tag="300" ind1=" " ind2=" ">
    <subfield code="a">176 pages : </subfield>
    <subfield code="b">color illustrations ;</subfield>
    <subfield code="c">30 cm.</subfield>
  </datafield>
  <datafield tag="336" ind1=" " ind2=" ">
    <subfield code="2">rdacontent</subfield>
    <subfield code="a">text</subfield>
    <subfield code="b">txt</subfield>
  </datafield>
  <datafield tag="337" ind1=" " ind2=" ">
    <subfield code="2">rdamedia</subfield>
    <subfield code="a">unmediated</subfield>
    <subfield code="b">n</subfield>
  </datafield>
  <datafield tag="338" ind1=" " ind2=" ">
    <subfield code="2">rdacarrier</subfield>
    <subfield code="a">volume</subfield>
    <subfield code="b">nc</subfield>
  </datafield>
  <datafield tag="490" ind1="0" ind2=" ">
    <subfield code="a">In detail</subfield>
  </datafield>
  <datafield tag="505" ind1="0" ind2=" ">
    <subfield code="a">Designing exhibitions and presentations / Christian Schittich -- Interaction of building and presentation-current museum concepts / Christian Schittich -- To exhibit - from the spoon to the state / Ruedi Baur -- Phaeno Science Center in Wolfsburg Zaha Hadid Architects, London / Mayer B&#xFFFD;ahrle Freie Architekten, L&#xFFFD;orrach -- New Museum in New York / SANAA / Kazuyo Sejima + Ryue Nishizawa, Tokyo -- Literature Museum in Marbach / David Chipperfield architects, London/Berlin -- Museum of Celtic and Roman history in Manching / Fischer Architekten, Munich -- BMW Museum in Munich / Atelier Br&#xFFFD;uckner, Stuttgart -- Mercedes-Benz Museum in Stuttgart / UNStudio, Amsterdam -- Show and let show / HG Merz, Patrick Wais -- "The Rommel Myth" exhibition in Stuttgart / Hans Dieter Schaal, Attenweiler -- "That's Opera" traveling exhibition / Atelier Br&#xFFFD;uckner, Stuttgart -- "Inventioneering Architecture" traveling exhibition / Instant architecture, Zurich -- Museum pavilion in Pouilly-en-Auxois Shigeru Ban Architects, Tokyo/Paris / Jean de Gastines, Paris -- Exhibition pavilion for Artek in Milan / Shigeru Ban Architects, Tokyo/Paris -- Built identity, architecture-design-communication / Jons Messedat -- Audi Center in Munich / Allmann Sattler Wappner, Munich -- adidas Brand Center in Herzogenaurach / querkraft Architekten, Vienna -- Baufritz exhibition building in Erkheim / a.ml und parter, Nuremberg -- Proper light for presentations / Thomas Schielke -- "Freudenhaus" optician store in Munich / Aigner Architecture, Munich -- Whiteleys Shopping Center in London / Lifschutz Davidson Sandilands, London -- Mpreis supermarket in Innsbruck / Rainer K&#xFFFD;oberl, Innsbruck -- Edeka supermarket in Ingolstadt / ATP Architeketen und Ingenieure, Munich -- Noise barrier with integrated car showroom near Utrecht / ONL [Oosterhuis_L&#xFFFD;en&#xFFFD;ard], Rotterdam -- Exhibition hall in Paris / Anne Lacaton &amp; Jean Philippe Vassal, Paris -- New  Trade Fair in Stuttgart / Wulf &amp; Partner, Stuttgart -- Sustainably designing temporary architecture for brands / Susanne Schmidhuber -- Stylepark Lounge in Berlin / J. Mayer H., Berlin -- Exhibition stand "Garment Garden" in Frankfurt am Main / J. Mayer H., Berlin -- Exhibition design system or custom design / G&#xFFFD;unther R&#xFFFD;ockl -- Eternit exhibition stands in Stuttgart and Munich / Astrid Bornheim Architekture, Berlin -- E.ON exhibition stand in Essen / avcommunication, Ludwigsburg /Munich -- Serafini exhibition stand in Cologne / atelier 522, Markdorf.</subfield>
  </datafield>
  <datafield tag="520" ind1="1" ind2=" ">
    <subfield code="a">"From trade fair stands to museum concepts, the successful transfer of information to a wide public audience relies on effective staging and appropriate architectural design. While museum exhibitions focus on the art of communicating content, with commercial aspects tending to play a more subordinate role, the goal of trade fair stands and showrooms is to convey a brand image. And at least since large companies like BMW and Mercedes began introducing commercialized museum concepts designed to stage their brands, the phenomenon has come full circle." "Not infrequently, planners today must not only accomplish the demanding task of designing an exhibition; they must also meet full service demands, from briefings and CI design to realization. How to do this successfully is the subject of short articles by authors from the relevant fields. With extensively documented project examples organized by presentation or exhibition type, these valuable technical articles offer a detailed roadmap to practical success."--BOOK JACKET.</subfield>
  </datafield>
  <datafield tag="650" ind1=" " ind2="7">
    <subfield code="a">Trade shows</subfield>
    <subfield code="x">Exhibition techniques.</subfield>
    <subfield code="2">BUEsh</subfield>
    <subfield code="9">12865</subfield>
  </datafield>
  <datafield tag="650" ind1=" " ind2="7">
    <subfield code="a">Exhibit stands</subfield>
    <subfield code="x">Design and construction.</subfield>
    <subfield code="2">BUEsh</subfield>
    <subfield code="9">12866</subfield>
  </datafield>
  <datafield tag="650" ind1=" " ind2="7">
    <subfield code="a">Display of merchandise.</subfield>
    <subfield code="2">BUEsh</subfield>
    <subfield code="9">12867</subfield>
  </datafield>
  <datafield tag="653" ind1=" " ind2=" ">
    <subfield code="b">ART</subfield>
  </datafield>
  <datafield tag="655" ind1=" " ind2=" ">
    <subfield code="v">Reading book</subfield>
  </datafield>
  <datafield tag="942" ind1=" " ind2=" ">
    <subfield code="2">ddc</subfield>
    <subfield code="c">BB</subfield>
  </datafield>
  <datafield tag="999" ind1=" " ind2=" ">
    <subfield code="c">13725</subfield>
    <subfield code="d">13725</subfield>
  </datafield>
  <datafield tag="952" ind1=" " ind2=" ">
    <subfield code="0">0</subfield>
    <subfield code="1">0</subfield>
    <subfield code="2">ddc</subfield>
    <subfield code="4">0</subfield>
    <subfield code="7">0</subfield>
    <subfield code="8">Alahram</subfield>
    <subfield code="a">MAIN</subfield>
    <subfield code="b">MAIN</subfield>
    <subfield code="c">2ND</subfield>
    <subfield code="d">2010-03-17</subfield>
    <subfield code="e">purchase</subfield>
    <subfield code="g">524.00</subfield>
    <subfield code="h">31</subfield>
    <subfield code="l">9</subfield>
    <subfield code="m">138</subfield>
    <subfield code="o">740 EXH</subfield>
    <subfield code="p">000020251</subfield>
    <subfield code="r">2025-11-13 00:00:00</subfield>
    <subfield code="s">2023-10-29</subfield>
    <subfield code="w">2010-03-17</subfield>
    <subfield code="y">BB</subfield>
  </datafield>
</record>
